Institucionální formy mezinárodního družstevního hnutí.

Informácia o spôsobe vývoja družstiev v histórii, o chybách, ktorých sa družstvá dopúšťali, o tom ako sa líši kvalita súčasných západoeurópskych družstiev od družstiev predvojnového obdobia, o zásadách fungovania Medzinárodného družstevného zväzu a o typoch združení, ktoré sa môžu stať členmi Medzin...

Descrizione completa

Salvato in:
Dettagli Bibliografici
Autore principale: Stainerová, P.
Natura: Capitolo di libro
Lingua:ceco
Soggetti:
Tags: Aggiungi Tag
Nessun Tag, puoi essere il primo ad aggiungerne!!

MARC

LEADER 00000naa a2200000 4500
001 r009541
005 20220831090006.8
041 0 |a cze 
044 |a [CS] 
245 1 0 |a Institucionální formy mezinárodního družstevního hnutí.  |c P. Stainerová 
520 |a Informácia o spôsobe vývoja družstiev v histórii, o chybách, ktorých sa družstvá dopúšťali, o tom ako sa líši kvalita súčasných západoeurópskych družstiev od družstiev predvojnového obdobia, o zásadách fungovania Medzinárodného družstevného zväzu a o typoch združení, ktoré sa môžu stať členmi Medzinárodného družstevného zväzu. 
610 2 0 |a družstevníctvo 
610 2 0 |a družstvá 
610 2 0 |a ICA 
610 2 0 |a združenia podnikov 
610 2 0 |a svet 
610 2 0 |a porovnanie štatistické medzinárodné 
100 1 |a Stainerová, P.